000 01774nam a22002777a 4500
999 _c63066
_d63066
003 Ge_BSU
005 20250528164449.0
008 250528s2023 ge ||||| |||| 00| 0 geo d
020 _a9789941978944
041 _ageo
080 _a 2-1 : 2-264 : 111 ე-56
100 _a ელიადე, მირჩა
_925159
245 _a მეფისტოფელი და ანდროგინი = Mephistopheles et I'androgyne /
_b
_cმირჩა ელიადე; ფრანგულიდან თარგმნა თამარ ლომიძემ; სამეცნიერო რედაქტორი და წინასიტყვაობა ხათუნა თავდგირიძე; რედაქტორი ელზა ახვლედიანი; ყდის დიზაინი მარიამ ჭკადუა.
264 _aთბილისი :
_bალეფი,
_c2023.
300 _a304 გვ. ;
_b20 სმ.
501 _a
504 _aბიბლიოგრაფია ტექსტის შენიშვნებში.
653 _aრელიგიის ფილოსოფია
653 _aთარგმანები ქართულ ენაზე. მითები.
653 _aონტოლოგია
700 _aლომიძე, თამარ
_eმთარგმნელი
_913566
700 _a თავდგირიძე, ხათუნა
_eრედაქტორი.
_925160
700 _a ახვლედიანი, ელზა
_eრედაქტორი
_925161
700 _a ჭკადუა, მარიამ
_eგარეკანის დიზაინერი
_925162
942 _2udc
_cᲬᲘᲒᲜᲘ